| LEADER 00000nam 2200000uu 4500 |
| 001 13399107749 |
| 003 ULIB |
| 008 100830s2552||||th 000 0 tha d |
| 020 ^a9786119020009
|
| 050 4 ^aBQ4570.L5^bว111ม 2552
|
| 100 0 ^aว.วชิรเมธี
|
| 245 10 ^aมองลึกนึกไกลใจกว้าง /^cว.วชิรเมธี
|
| 250 ^aพิมพ์ครั้งที่ 10
|
| 260 ^aกรุงเทพฯ :^bปราณพับลิชชิ่ง,^c2552
|
| 300 ^a161, [6] หน้า :^bภาพประกอบ
|
| 520 ^aหนังสือเล่มนี้เสนอเรื่องราวธรรมะกับการมองโลก โดยการมองลึก นึกไกล ใจกว้างอย่างชัดเจน ธรรมะกับเศรษฐกิจ วอนให้รู้จักกับความทุกข์ทางการเงิน อันได้แก่ ไม่มี ไม่พอ และไม่เท่า และปิดท้ายด้วยเรื่องวิถีแห่งความสุขคือ สัจธรรม 3 ประการ
|
| 650 7 ^aพุทธศาสนากับชีวิตประจำวัน
|
| 650 7 ^aพุทธศาสนากับสังคม
|
| 999 ^aสุณิสา
|